Missing Word: 2000s Sitcoms Quiz Stats

 Plays Quiz Updated Oct 23, 2020

Support Sporcle.
Go Orange.
Score 0/16 Timer 02:00
2 Plays Today
2000s Sitcom Missing Word % Correct
The Big _______ TheoryBang
99.5%
Two and a _______ MenHalf
99.4%
_______ I Met Your MotherHow
99.4%
The _______ of QueensKing
93.2%
It's Always _______ in PhiladelphiaSunny
92.8%
30 _______Rock
92.5%
_______ in the MiddleMalcolm
91.9%
_______ Your EnthusiasmCurb
91.1%
2000s Sitcom Missing Word % Correct
_______ DevelopmentArrested
89.7%
My Name Is _______Earl
89.5%
Rules of _______Engagement
88.5%
_______ and RecreationParks
86.5%
The Bernie _______ ShowMac
81.6%
_______ FamilyModern
81.1%
My Wife and _______Kids
79.4%
Family _______Guy
62.2%

Today's Daily Dose

Missing Word
Candy Slogans

Quick Pick
Batman's Robins

Get the Picture
Streaming Services

From the Vault

Anything But Mario

by VeritasUnae

Gaming 6m
Playing as Mario is the definition of "basic."
Remove Ads.
Support Sporcle.
Get the best of Sporcle when you Go Orange. This ad-free experience offers more features, more stats, and more fun while also helping to support Sporcle. Thank you for becoming a member.

Show Comments

Extras

Top Quizzes Today


Score Distribution

Your Account Isn't Verified!

In order to create a playlist on Sporcle, you need to verify the email address you used during registration. Go to your Sporcle Settings to finish the process.

Report this User

Report this user for behavior that violates our Community Guidelines.

Details: